La profecía de Isaías
Furkejuvvon:
| Váldodahkki: | |
|---|---|
| Materiálatiipa: | Girji |
| Giella: | espánnjágiella |
| Almmustuhtton: |
Pamplona
Asociación Bíblica Española
2000
|
| Ráidu: | Colección Verbo Divino, 25
|
| Fáttát: | |
| Fáddágilkorat: |
Lasit fáddágilkoriid
Eai fáddágilkorat, Lasit vuosttaš fáddágilkora!
|
MARC
| LEADER | 00000nam a2200000 a 4500 | ||
|---|---|---|---|
| 001 | UCO1775 | ||
| 003 | CL-VaPUC | ||
| 008 | 000519e20000000SP |||||||||||||||||spa|d | ||
| 082 | 0 | 4 | |a 224.1 |b RAM |2 21 |
| 100 | |a Ramis Darder, Francesc |e autor |9 444281 | ||
| 245 | 1 | 3 | |a La profecía de Isaías |
| 300 | |a 72 p | ||
| 942 | |c BK | ||
| 945 | |d 20000519 00:00:00 |a rbrito | ||
| 260 | |a Pamplona |b Asociación Bíblica Española |c 2000 | ||
| 600 | 0 | |a Isaías |9 432157 | |
| 650 | 0 | |a Profetas |9 314377 | |
| 650 | 0 | |a Biblia |9 257603 | |
| 650 | 0 | |a Antiguo testamento |9 313678 | |
| 583 | |a last modification |c 20130618 07:39:50 |k Rodrigo Vera | ||
| 490 | 0 | |a Colección Verbo Divino, 25 | |
| 999 | |c 288371 |d 288369 | ||
| 952 | |0 0 |1 0 |4 0 |6 224_100000000000000_RAM_2000 |7 0 |8 A |9 336010 |a BIBTEO |b BIBTEO |d 2019-11-20 |i 3608662 |o 224.1 RAM 2000 |p 3608662 |r 2025-01-17 |w 2019-11-20 |y BK |k ICR | ||